000 01075naa a22002897a 4500
001 BR9504081
003 BR-BrBNA
005 20240918181322.0
007 ta
008 230509b bl.||||| |||| 00| 0 por d
040 _aBR-BrBNA
_bpor
_cBiblioteca Nacional de Agricultura
041 _a(Pt)
072 _aH10
_b4020
090 _aH10 BR9504081
100 1 _aLima, L.C.S.F.
111 1 _a2. Reuniao sobre Pragas Subterraneas dos Paises do Cone Sul
_cSete Lagoas, MG (Brazil)
_d14-16 Oct 1992
245 1 _aControle de pragras subterraneas: passado, presente e futuro
260 3 _aSete Lagoas, MG (Brasil):
_c1992.
500 _aAnais da 2. Reuniao Sobre Pragas Subterraneas dos Paises do Cone Sul Sete Lagoas, MG (Brasil): 1992. p. 13-33 (BR9504081-AM)H10
650 _aSolo
650 _aInseto
650 _aInseticida
650 _aControle Quimico
773 0 _tAnais da 2. Reuniao Sobre Pragas Subterraneas dos Paises do Cone Sul
_wH10 BR9504081
_gSete Lagoas, MG (Brasil), 1992. p. 13-33
909 _a202404
_bLucia
_c55
_dLucia Elande
942 _cAM
_2AGRIS
999 _c324734
_d324734